| 000 | 02566cam a2200349 i 4500 | ||
|---|---|---|---|
| 999 |
_c10297 _d10297 |
||
| 001 | 56018402 | ||
| 003 | OCoLC | ||
| 005 | 20241126110729.0 | ||
| 008 | 040929s2004 miu b 001 0 eng d | ||
| 010 | _a2004303003 | ||
| 020 | _a0802828159 | ||
| 020 | _a9780802828156 | ||
| 040 |
_aCVN _erda _cCVN _dDLC _dPGC _dBAKER _dNLGGC _dMUQ _dBTCTA _dYDXCP _beng |
||
| 042 | _alccopycat | ||
| 050 | 0 | 0 |
_aBT75.3 _b.M34 2004 |
| 082 | 0 | 0 |
_a230.015 _222 _bMCG |
| 100 | 1 |
_aMcGrath, Alister E., _d1953- _93036 |
|
| 245 | 1 | 4 |
_aThe science of God : _ban introduction to scientific theology / _cAlister E. McGrath |
| 264 | 1 |
_aGrand Rapids, Mich. : _bWilliam B. Eerdmans Pub., _c[2004] |
|
| 264 | 4 | _c℗♭2004 | |
| 300 |
_axiv, 271 pages ; _c18 cm |
||
| 336 |
_atext _btxt _2rdacontent |
||
| 337 |
_aunmediated _bn _2rdamedia |
||
| 338 |
_avolume _bnc _2rdacarrier |
||
| 504 | _aIncludes bibliographical references (pages 253-263) and index | ||
| 505 | 0 | _aIntroduction : the background to a scientific theology -- 1. Prolegomena. The legitimacy of a scientific theology -- The approach to be adopted -- 2. Nature. The construction of nature -- The Christian doctrine of creation -- Implications of a Christian doctrine of creation -- The purpose and place of natural theology -- 3. Reality. Rationality and knowledge in theology and the natural sciences -- Natural theology and the trans-traditional rationality of the Christian tradition -- The foundations of realism in the natural sciences -- Critical realism : engaging with a stratified reality --The encounter with reality : the contours of a scientific theology -- 4. Theory. The legitimacy of theory within a scientific theology -- The representation of reality in a scientific theology -- The place of explanation in a scientific theology -- The place of metaphysics in a scientific theology | |
| 520 | _aThis book is a clear, concise guide to Alister McGrath's groundbreaking three-volume work A scientific theology. McGrath himself here summarizes his major project and sketches out its implications for many aspects of Christian doctrine. He then explores all of the major themes of his three-volume work, including the legitimacy of a scientific theology, the purpose and place of natural theology, the foundations of theological realism, the failure of classic foundationalism, the nature of revelation, and the place of metaphysics in theology | ||
| 600 | 1 | 0 |
_aMcGrath, Alister E., _d1953- _tScientific theology _917890 |
| 650 | 0 |
_aTheology, Doctrinal _914 |
|
| 650 | 0 |
_aNatural theology _91292 |
|
| 942 |
_2ddc _cBK |
||